000 01192cam a22003377a 4500
003 CHAP
005 20220329142005.0
008 981126d1998 mx r 00110 spa d
010 _a76721
011 _a77693
035 _a87364
040 _cCHAP
082 0 4 _a630.71
_bU57
110 2 _aUACH. Subdirección de Planes y Programas de Estudio
_9115969
245 1 0 _aCurso taller planeamiento estratégico y desarrollo curricular :
_binforme técnico
260 _a(Chapingo, Méx.) :
_bUACH. Subdirección de Planes y Programas de Estudio,
_c1998.
300 _a(c.a. 124) h.
500 _aFotocopia
590 _aBATCH-UPD
_b10
_c20130110
_lUCH01
_h1122
590 _aBATCH-UPD
_b10
_c20130410
_lUCH01
_h0712
590 _aBATCH-UPD
_b10
_c20130914
_lUCH01
_h0055
590 _aCONVERSION
_b10
_c20130109
_lUCH01
_h1342
650 1 4 _aAgricultura
_xPlanes de estudio.
_91769
650 1 4 _aEducación agrícola
_xFormación de profesores.
_935519
650 1 4 _aEducación agrícola
_xPlanes de estudio.
_935539
650 1 4 _aPolítica educativa.
_990539
901 _aBK
905 _aAlejandra Carrasco M.
942 _cLIBRO
949 _a630.71 U57
_bBC
_cUACH
_d873641
_eUACH
_h94581
_i87364
_sb
999 _c76721
_d76721